00610nam a2200217Ia 450000500170000000800410001704000190005804100120007708200170008910000160010624500400012226000290016230000150019165000150020665100270022170000060024885000110025494200070026599900170027295201030028920240418151850.0131103s9999 xx 000 0 und d aLoreto College aEnglish a370.15 bMAT aMathur, S.S aEducational PsychologycS.S. Mathur aAgrabVinod pustakc1979 axvi,698p.  aPsychology aEducational Psychology a. aLCBED  cBK c26884d77363 00102ddc4070aMAINbMAINd2013-11-04l0o370.15 MAT 738pB29724r2013-11-04w2013-11-04yBKf